000 00640nam a2200205Ii 4500
003 JO-AjNU
008 230606s9999||||xx |||||||||||||| ||und||
020 _a978-0-07-062112-1
040 _aJO-AjNU
_beng
_erda
_cJO-AjNU
041 _aeng
050 1 4 _aQA76.9.2008
100 3 _aBanerjee.Joyjeet,
_eauthor
_91177
245 0 0 _aORACLE APPLICATIONS DBA COVERS 11IAND R12
264 3 1 _aTataMagraw-hill puplushing Company Limited:NewDELHI,2008
300 _a397p
336 _atext
_btxt
_2rdacontent
337 _aunmediated
_bn
_2rdamedia
338 _avolume
_bnc
_2rdacarrier
650 4 _aDatabase management. /relastional database
_91178
999 _aE617
_c617
_d617